000 00552aam a2200205 4500
001 7372
003 Uk
005 20250619153310.0
006 m || d |
007 cr |||||||||||
008 040401s2004 enka ob 001 0 eng
020 _a9780801487194
082 0 4 _a303.6094 BAU
100 1 _aBauman, Zygmunt.
245 1 0 _aModernity and the holocaust.
260 _aNew York :
_bCornell University Press,
_c1989.
300 _avii, 251 p. :
_bill, :
_c25 cm.
504 _aIncludes bibliographical references and index.
942 _2ddc
_cMAIN
999 _c10396
_d10397